00241nam a2200097Ia 4500008004100000100001900041245002600060260003400086300001100120650001200131190216s9999||||xx |||||||||||||| ||und|| aSrinivasan K N 0aKannukali Samrakshnam bKerala Bhasha Institutec1976 axxxiip aZoology